[Event "World Blitz 2025"]
[Site "Doha QAT"]
[Date "2025.12.29"]
[Round "2.88"]
[White "Berend, Fred"]
[Black "Aronian, Levon"]
[Result "0-1"]
[WhiteTitle "IM"]
[BlackTitle "GM"]
[WhiteElo "2213"]
[BlackElo "2729"]
[WhiteFideId "4000102"]
[BlackFideId "13300474"]
[EventDate "2025.12.29"]

1. d4 d5 2. c4 e6 3. g3 dxc4 4. Bg2 c5 5. Nf3 Nc6 6. Be3 Nge7 7. Na3 Nf5 8. dxc5
Qxd1+ 9. Rxd1 Nxe3 10. fxe3 Bxc5 11. Nxc4 Ke7 12. Nd4 Nd8 13. Kf2 Bd7 14. Nb3
Bb6 15. Rd2 Rc8 16. Nxb6 axb6 17. Rhd1 Rc7 18. Nd4 h5 19. h4 g6 20. b3 Bc6 21.
Bf3 e5 22. Nxc6+ bxc6 23. a4 Ne6 24. Ra2 f5 25. e4 Nc5 26. exf5 e4 27. Bg2 gxf5
28. b4 Nd7 29. Bh3 Ne5 30. Ke3 Ke6 31. Rf1 Rf8 32. Rf4 Ng6 33. Rxe4+ Kf6 34. Rc4
Re8+ 35. Kf2 Ra8 36. Bg2 Ne5 37. Rc3 Rca7 38. Rca3 Rd8 39. a5 b5 40. Rc3 Rd4 41.
Rb2 Ra6 42. Rc5 Rc4 43. Rc2 Rxb4 44. Bxc6 Rxa5 45. Bf3 Ra3 46. Bxh5 f4 47. g4
Rh3 48. g5+ Ke6 49. Rc6+ Kd5 50. Bf3+ Nxf3 51. exf3 Rh2+ 52. Kg1 Rxh4 53. R6c5+
Kd4 54. Rf5 Ke3 55. Kg2 Rh5 56. Re5+ Kd3 57. Ra2 Rb1 58. Ra3+ Kc4 59. Re4+ Kc5
60. Rxf4 Rxg5+ 61. Rg4 Rd5 62. Rc3+ Kb6 63. Rg6+ Ka5 64. Ra3+ Kb4 65. Re3 Rd2+
66. Kh3 Rd5 67. Rg4+ Kc5 68. Rc3+ Kb6 69. Kh4 b4 70. Rcc4 Kb5 71. Rc8 b3 72.
Rb8+ Kc5 73. Rgb4 Rd3 74. R8b5+ Kc6 75. Rb6+ Kd5 76. R6b5+ Kd6 77. Kg3 Rf1 78.
Rf4 Kc6 79. Rb8 Rg1+ 80. Kf2 Rb1 81. Rc4+ Kd5 82. Rcb4 Rc3 83. R4b5+ Kc4 84.
Rb4+ Kd3 85. Rd8+ Kc2 86. Ke2 Rh1 87. Rd2+ Kc1 88. Rd8 Rh2+ 89. Ke1 b2 90. Rdb8
Rd2 91. f4 Rh3 92. Rc8+ Rc2 93. Rxc2+ Kxc2 94. Ke2 b1=Q 0-1

[Event "World Blitz 2025"]
[Site "Doha QAT"]
[Date "2025.12.29"]
[Round "2.89"]
[White "Duda, Jan-Krzysztof"]
[Black "Aditya, Mittal"]
[Result "1-0"]
[WhiteTitle "GM"]
[BlackTitle "GM"]
[WhiteElo "2729"]
[BlackElo "2624"]
[WhiteFideId "1170546"]
[BlackFideId "35042025"]
[EventDate "2025.12.29"]

1. e4 c5 2. Nf3 Nc6 3. Bb5 e6 4. Bxc6 bxc6 5. b3 e5 6. Nxe5 Qe7 7. d4 f6 8. Nf3
Qxe4+ 9. Kd2 Kf7 10. Re1 Qf5 11. g4 Qf4+ 12. Kc3 cxd4+ 13. Kb2 Qd6 14. Nxd4 Ne7
15. Nc3 Nd5 16. Ne4 Qa3+ 17. Kb1 Qa5 18. Nf5 g6 19. Ned6+ Kg8 20. Bd2 Qc5 21.
Ne4 Qa3 22. Ne3 Kf7 23. Nc4 Qa6 24. Ncd6+ Kg7 25. c4 Be7 26. cxd5 cxd5 27. Bc3
dxe4 28. Nxe4 Rf8 29. g5 Kg8 30. gxf6 Bd8 31. Qd5+ Rf7 32. Nd6 1-0

[Event "World Blitz 2025"]
[Site "Doha QAT"]
[Date "2025.12.29"]
[Round "2.90"]
[White "Rakotomaharo, Fy Antenaina"]
[Black "Andreikin, Dmitry"]
[Result "0-1"]
[WhiteTitle "IM"]
[BlackTitle "GM"]
[WhiteElo "2434"]
[BlackElo "2710"]
[WhiteFideId "13100050"]
[BlackFideId "4158814"]
[EventDate "2025.12.29"]

1. e4 e5 2. Nf3 Nc6 3. Bc4 d6 4. O-O Be7 5. d4 Bg4 6. d5 Nd4 7. Nbd2 Nf6 8. Re1
O-O 9. h3 Nxf3+ 10. Nxf3 Bh5 11. Qd3 c6 12. dxc6 bxc6 13. Bb3 Nd7 14. Nd2 Nc5
15. Qc3 Bg6 16. Qf3 Kh8 17. Nc4 Bxe4 18. Rxe4 Nxe4 19. Qxe4 d5 20. Qe2 dxc4 21.
Bxc4 Bc5 22. Bd2 Qh4 23. Bb3 Rad8 24. Ba5 Rd6 25. Rf1 Rg6 26. Kh1 Qg5 27. Qf3 f5
28. g3 e4 29. Qc3 f4 30. h4 Qf5 0-1

[Event "World Blitz 2025"]
[Site "Doha QAT"]
[Date "2025.12.29"]
[Round "2.91"]
[White "Sevian, Samuel"]
[Black "Harikrishnan, A. Ra"]
[Result "1-0"]
[WhiteTitle "GM"]
[BlackTitle "GM"]
[WhiteElo "2688"]
[BlackElo "2531"]
[WhiteFideId "2040506"]
[BlackFideId "5081483"]
[EventDate "2025.12.29"]

1. e4 e6 2. d4 d5 3. Nc3 dxe4 4. Nxe4 Nd7 5. Bd3 Ngf6 6. Qe2 Nxe4 7. Bxe4 Nf6 8.
Bxb7 Rb8 9. Bxc8 Qxc8 10. Nf3 Bd6 11. O-O O-O 12. Rd1 Qb7 13. c4 c5 14. b3 cxd4
15. Nxd4 Bc5 16. Be3 Qe4 17. Qf3 Qh4 18. Nf5 exf5 19. Bxc5 Rfe8 20. Qxf5 g6 21.
Qf3 Ne4 22. Bxa7 Ra8 23. Be3 Nc3 24. Rd2 Qe7 25. h3 h5 26. Kh1 Ne4 27. Rd4 Nc5
28. Qd1 Ne6 29. Rd5 Qf6 30. a4 Nf4 31. Bxf4 Qxf4 32. Qf3 Qc7 33. Rad1 Rf8 34. g3
Rab8 35. Kg2 h4 36. gxh4 Kg7 37. h5 Rb6 38. R1d4 Rh8 39. Rd7 1-0

[Event "World Blitz 2025"]
[Site "Doha QAT"]
[Date "2025.12.29"]
[Round "2.92"]
[White "Cunha, Lucas Aguiar"]
[Black "Sarana, Alexey"]
[Result "0-1"]
[WhiteTitle "FM"]
[BlackTitle "GM"]
[WhiteElo "2263"]
[BlackElo "2673"]
[WhiteFideId "2125404"]
[BlackFideId "24133795"]
[EventDate "2025.12.29"]

1. e4 c5 2. Nf3 d6 3. d4 cxd4 4. Qxd4 Nc6 5. Bb5 Bd7 6. Bxc6 Bxc6 7. Nc3 e6 8.
Bg5 Nf6 9. O-O-O Be7 10. Rhe1 Qa5 11. h4 h6 12. Bd2 e5 13. Qd3 Qa6 14. Qxa6 bxa6
15. Kb1 O-O 16. Bc1 Rac8 17. g3 Ng4 18. Re2 f5 19. Nd5 Bd8 20. Nd2 Bxd5 21. exd5
Bb6 22. Rf1 Nf6 23. c4 a5 24. f3 a4 25. b3 axb3 26. axb3 a5 27. Ba3 Bc5 28. Bxc5
Rxc5 29. Kb2 Rb8 30. Ra1 Nd7 31. Kc3 Nb6 32. Kd3 Rbc8 33. Ree1 Kf7 34. g4 g6 35.
h5 e4+ 36. fxe4 fxg4 37. hxg6+ Kxg6 38. e5 Nxd5 39. exd6 Nf4+ 40. Kc3 Rh5 41.
Rf1 Nd5+ 42. Kd4 Nb4 43. Rac1 g3 44. Rg1 Rh4+ 45. Kc3 Na2+ 46. Kb2 Nxc1 47.
Rxg3+ Kf5 48. Kxc1 Rd4 49. Rf3+ Kg6 50. Rg3+ Kh7 51. Kc2 Rxd6 52. Ne4 Re6 53.
Nc3 Re5 54. Rd3 h5 55. Rd4 Kg6 56. Ne4 h4 57. Nd6 Rh8 58. Rg4+ Kf6 59. Rg1 h3
60. Rf1+ 0-1

[Event "World Blitz 2025"]
[Site "Doha QAT"]
[Date "2025.12.29"]
[Round "2.93"]
[White "Urkedal, Frode Olav Olsen"]
[Black "Maghsoodloo, Parham"]
[Result "1/2-1/2"]
[WhiteTitle "GM"]
[BlackTitle "GM"]
[WhiteElo "2568"]
[BlackElo "2708"]
[WhiteFideId "1506102"]
[BlackFideId "12539929"]
[EventDate "2025.12.29"]

1. d4 Nf6 2. c4 e6 3. Nf3 b6 4. g3 Ba6 5. b3 d5 6. Bg2 Be7 7. O-O Nbd7 8. cxd5
exd5 9. Nc3 Rc8 10. Nh4 c6 11. Nf5 O-O 12. Nxe7+ Qxe7 13. a4 Rfe8 14. Re1 Nf8
15. Ba3 Qd7 16. a5 Ne6 17. Qd2 h6 18. Rec1 Ng5 19. axb6 axb6 20. Bb2 Ra8 21. e3
Nfe4 22. Qd1 Nxc3 23. Bxc3 Nh3+ 24. Bxh3 Qxh3 25. Bb4 Bb5 26. Qf3 Bd3 27. Qg2
Qf5 28. g4 Qf6 29. Qg3 Rxa1 30. Rxa1 c5 31. Bc3 c4 32. bxc4 Bxc4 33. Bb4 Be2 1/2-1/2

[Event "World Blitz 2025"]
[Site "Doha QAT"]
[Date "2025.12.29"]
[Round "2.95"]
[White "Bilguun, Sumiya"]
[Black "Mamedyarov, Shakhriyar"]
[Result "1/2-1/2"]
[WhiteTitle "GM"]
[BlackTitle "GM"]
[WhiteElo "2442"]
[BlackElo "2730"]
[WhiteFideId "4901541"]
[BlackFideId "13401319"]
[EventDate "2025.12.29"]

1. e4 d6 2. d4 Nf6 3. Nc3 e5 4. Nf3 Nbd7 5. Bc4 Be7 6. O-O O-O 7. a4 c6 8. Re1
Re8 9. a5 h6 10. d5 Qc7 11. b3 Nf8 12. h3 Ng6 13. Be3 Bd7 14. a6 b6 15. dxc6
Bxc6 16. Nd5 Nxd5 17. Bxd5 Bxd5 18. Qxd5 Rac8 19. c4 Red8 20. Red1 Bf6 21. Qb7
Ne7 22. Qxc7 Rxc7 23. Nd2 Nc6 24. Nb1 Bg5 25. Nc3 Bxe3 26. fxe3 f6 27. Nd5 Rcd7
28. b4 Kf7 29. Rac1 Rc8 30. Kf2 Ne7 31. Ke2 Nxd5 32. Rxd5 Ke6 33. Kd3 g6 34. Rf1
f5 35. exf5+ gxf5 36. Kc3 Rdc7 37. Rfd1 Rxc4+ 38. Kb3 Rc3+ 39. Ka4 R8c6 40. Kb5
h5 41. h4 Rc2 42. g3 R2c3 43. R5d2 Ke7 44. Rd5 Rc2 45. R5d3 Kd7 46. Rd5 Kc7 47.
Rf1 Kd7 48. Rxf5 Ke6 49. e4 R6c3 50. Rxh5 Re3 51. Rh6+ Ke7 52. Rdxd6 Rxe4 53.
Rc6 Rb2 54. Rc4 Rd4 55. Rc7+ Kd8 56. Rxa7 Rdxb4+ 57. Kc6 Rc2+ 58. Kd5 Rc5+ 59.
Kd6 Rd4+ 60. Ke6 Rc6+ 61. Kxe5 Rxh6 62. Kxd4 b5 63. Rg7 Rxa6 64. Kc5 Ke8 65.
Kxb5 Ra3 66. h5 Kf8 67. h6 Rb3+ 68. Kc5 Ra3 69. g4 Ra6 70. g5 Ra1 71. Rb7 Kg8
72. Kd6 Rg1 73. Rg7+ Kh8 74. Rg6 Kh7 75. Rg7+ Kh8 76. Ke6 Re1+ 77. Kf6 Rf1+ 78.
Kg6 Rf6+ 79. gxf6 1/2-1/2

[Event "World Blitz 2025"]
[Site "Doha QAT"]
[Date "2025.12.29"]
[Round "2.96"]
[White "Radjabov, Teimour"]
[Black "Agmanov, Zhandos"]
[Result "1-0"]
[WhiteTitle "GM"]
[BlackTitle "IM"]
[WhiteElo "2692"]
[BlackElo "2471"]
[WhiteFideId "13400924"]
[BlackFideId "13708309"]
[EventDate "2025.12.29"]

1. d4 Nf6 2. Nf3 d5 3. Bf4 c5 4. dxc5 e6 5. Nbd2 Bxc5 6. e3 Nc6 7. Bd3 Bd6 8.
Bxd6 Qxd6 9. O-O O-O 10. e4 dxe4 11. Nxe4 Qe7 12. c3 Rd8 13. Qc2 h6 14. Nxf6+
Qxf6 15. Be4 Bd7 16. Rfe1 Rac8 17. Qe2 Be8 18. h4 b6 19. Bc2 Na5 20. Qe4 g6 21.
Qe3 Kg7 22. h5 Nc4 23. Qe2 Nxb2 24. hxg6 fxg6 25. Ne5 Rxc3 26. Rab1 Na4 27. Rb4
Nc5 28. Ng4 Qg5 29. Rd1 Rxd1+ 30. Qxd1 Qd5 31. Qa1 Qd2 32. Rc4 Qxc2 33. Rxc3 Qe4
34. Re3+ 1-0

[Event "World Blitz 2025"]
[Site "Doha QAT"]
[Date "2025.12.29"]
[Round "2.69"]
[White "Aravindh, Chithambaram VR."]
[Black "Piliposyan, Robert"]
[Result "1/2-1/2"]
[WhiteTitle "GM"]
[BlackTitle "IM"]
[WhiteElo "2703"]
[BlackElo "2442"]
[WhiteFideId "5072786"]
[BlackFideId "13309978"]
[EventDate "2025.12.29"]

1. c4 Nf6 2. Nc3 e5 3. Nf3 Nc6 4. g3 d5 5. cxd5 Nxd5 6. Bg2 Bc5 7. O-O O-O 8. d3
Re8 9. Bd2 Nxc3 10. Bxc3 Bf8 11. Qa4 a5 12. Rfc1 Ra6 13. Qd1 a4 14. h3 Nd4 15.
Nd2 a3 16. bxa3 Bxa3 17. Rcb1 Rh6 18. e3 Nc6 19. Qf1 Rd6 20. Rb3 Bc5 21. Ne4 Rd5
22. Nxc5 Rxc5 23. Rd1 Be6 24. Ra3 Bd5 25. d4 Bxg2 26. Qxg2 exd4 27. Bxd4 Rd5 28.
Ra4 b5 29. Ra8 Qxa8 30. Qxd5 Rd8 31. Qxb5 h6 32. a4 Rb8 33. Qc5 Qxa4 34. Ra1 Qb5
35. Qxb5 Rxb5 36. Bc3 Rc5 37. Ra3 Kh7 38. Kg2 Rc4 39. g4 Nd8 40. Ba1 Ne6 41. Rd3
Rc1 42. Bb2 Rc2 43. Be5 Nc5 44. Rc3 Rxc3 45. Bxc3 Ne4 46. Ba5 c5 47. Kf3 Ng5+
48. Kg2 Ne4 49. f3 Nd6 50. Kf2 Kg6 51. e4 f6 52. Kg3 Kf7 53. Bc3 Nb5 54. Ba5 c4
55. Kf2 c3 56. Ke3 c2 57. Bd2 Ke6 58. Kd3 g5 59. Be3 Na3 60. Bc1 Nb5 61. Bb2 Nd6
62. Kxc2 Nc4 63. Bd4 Ne5 64. Bxe5 Kxe5 65. Kd3 Kf4 66. Ke2 Kg3 67. Ke3 Kxh3 68.
Kd3 Kg2 69. Ke2 Kg3 70. Ke3 Kh3 71. Kd3 Kh4 72. Kd4 Kg3 1/2-1/2

[Event "World Blitz 2025"]
[Site "Doha QAT"]
[Date "2025.12.29"]
[Round "2.70"]
[White "Nikitenko, Mihail"]
[Black "Narayanan, S.L."]
[Result "0-1"]
[WhiteTitle "GM"]
[BlackTitle "GM"]
[WhiteElo "2476"]
[BlackElo "2616"]
[WhiteFideId "13506862"]
[BlackFideId "5058422"]
[EventDate "2025.12.29"]

1. e4 c5 2. Be2 Nc6 3. d3 d5 4. f4 Nf6 5. e5 Ng8 6. Nf3 Bf5 7. O-O e6 8. c3 Bg6
9. Be3 h5 10. Nbd2 Nh6 11. Bf2 Be7 12. a3 Ng4 13. h3 Nxf2 14. Rxf2 h4 15. Nf1 d4
16. c4 Bf5 17. Ne1 Qc7 18. Bg4 g6 19. Nd2 O-O-O 20. Qe2 Kb8 21. Ne4 Rhg8 22. Nc2
g5 23. Bxf5 exf5 24. Nxg5 Bxg5 25. fxg5 Rxg5 26. Re1 Rdg8 27. b4 f4 28. bxc5
Nxe5 29. Nxd4 Qxc5 30. Qe4 f3 31. Qf4 Ka8 32. Rxe5 Rxe5 33. Nxf3 Rf5 34. Qe4 Rf6
35. d4 Qxc4 36. Qxh4 Qc1+ 37. Rf1 Qe3+ 38. Kh1 Rfg6 39. Rf2 Rg3 40. Rc2 Rxf3 0-1

[Event "World Blitz 2025"]
[Site "Doha QAT"]
[Date "2025.12.29"]
[Round "2.71"]
[White "Shogdzhiev, Roman"]
[Black "Amar, Elham"]
[Result "0-1"]
[WhiteTitle "IM"]
[BlackTitle "GM"]
[WhiteElo "2403"]
[BlackElo "2592"]
[WhiteFideId "55653537"]
[BlackFideId "1533533"]
[EventDate "2025.12.29"]

1. Nf3 Nf6 2. g3 b6 3. Bg2 Bb7 4. d3 d5 5. Nbd2 e6 6. O-O Be7 7. c3 O-O 8. Qc2
c5 9. e4 c4 10. exd5 cxd3 11. Qxd3 Bxd5 12. Nb3 Nbd7 13. Be3 Qc8 14. Nfd2 Ne5
15. Qe2 Bxg2 16. Kxg2 Qb7+ 17. Kg1 Ng6 18. Bd4 Rfe8 19. Bxf6 Bxf6 20. Qf3 Qc7
21. Ne4 Be7 22. Rad1 Ne5 23. Qe2 Qc4 24. Rfe1 Rac8 25. f4 Qxe2 26. Rxe2 Nc4 27.
Nd4 Red8 28. Rde1 Bc5 29. Nxc5 bxc5 30. Nf3 Nb6 31. Kf2 h6 32. Rd2 Na4 33. Ree2
Rxd2 34. Rxd2 Rb8 35. b3 Nxc3 36. Rc2 Ne4+ 37. Ke3 f5 38. Nd2 Nxd2 39. Rxd2 Rb7
40. Rd6 c4 41. bxc4 Kf7 42. Ra6 0-1

[Event "World Blitz 2025"]
[Site "Doha QAT"]
[Date "2025.12.29"]
[Round "2.72"]
[White "Altini, Nicola"]
[Black "Wojtaszek, Radoslaw"]
[Result "1-0"]
[WhiteTitle "IM"]
[BlackTitle "GM"]
[WhiteElo "2360"]
[BlackElo "2667"]
[WhiteFideId "833924"]
[BlackFideId "1118358"]
[EventDate "2025.12.29"]

1. d4 Nf6 2. c4 e6 3. Nc3 Bb4 4. e3 d5 5. a3 Be7 6. Nf3 O-O 7. b3 b6 8. Bb2 Bb7
9. Bd3 Nbd7 10. O-O c5 11. cxd5 exd5 12. Ne5 Rc8 13. f4 Bd6 14. Qf3 a6 15. Rad1
Rc7 16. Qh3 cxd4 17. exd4 Ne4 18. Nxe4 dxe4 19. Bc4 Nf6 20. a4 b5 21. axb5 axb5
22. Bxb5 Rc2 23. Rf2 Rxf2 24. Kxf2 Nd5 25. Bc4 Nxf4 26. Qf5 Bxe5 27. Qxe5 Qh4+
28. Kg1 e3 29. Qxe3 Nxg2 30. Qg3 Qh5 31. Rf1 Nh4 32. Rxf7 Ng6 33. Rf5+ 1-0

[Event "World Blitz 2025"]
[Site "Doha QAT"]
[Date "2025.12.29"]
[Round "2.73"]
[White "Makarian, Rudik"]
[Black "Gokerkan, Cem Kaan"]
[Result "1-0"]
[WhiteTitle "GM"]
[BlackTitle "GM"]
[WhiteElo "2524"]
[BlackElo "2510"]
[WhiteFideId "44105681"]
[BlackFideId "6336760"]
[EventDate "2025.12.29"]

1. d4 Nf6 2. c4 e6 3. Nf3 d5 4. g3 Bb4+ 5. Bd2 Be7 6. Bg2 O-O 7. Qc2 c6 8. Bf4
b6 9. Nbd2 c5 10. dxc5 bxc5 11. O-O Bb7 12. Ne5 Nc6 13. Nxc6 Bxc6 14. e4 Rc8 15.
cxd5 exd5 16. Rad1 dxe4 17. Nxe4 Qa5 18. Bg5 Bxe4 19. Bxe4 h6 20. Bxf6 Bxf6 21.
Bd5 Qb6 22. b3 Bd4 23. Rd3 Rcd8 24. Bc4 Rd6 25. Rf3 Rf6 26. Qe4 Rxf3 27. Qxf3
Qf6 28. Qxf6 Bxf6 29. Re1 Rd8 30. Re2 Kf8 31. Kg2 Bd4 32. Kf3 g6 33. a4 a5 34.
Bb5 Rd6 35. Re8+ Kg7 36. Kg2 Rf6 37. f4 g5 38. Kf3 gxf4 39. gxf4 Bc3 40. Re2 Rd6
41. Bc4 Rf6 42. Ke4 Kf8 43. f5 Rd6 44. h4 Rd4+ 45. Kf3 Rxh4 46. Bb5 Bd4 47. Re8+
Kg7 48. Bc4 Rh3+ 49. Kg4 Re3 50. Ra8 Re4+ 51. Kf3 Re5 52. Kf4 Re7 53. Rxa5 h5
54. Ra6 Be5+ 55. Kg5 f6+ 56. Kxh5 Rd7 57. Kg4 Kh6 58. Ra8 Rd4+ 59. Kf3 Kg5 60.
a5 Rd1 61. a6 Ra1 62. Ke4 Re1+ 63. Kd5 Ra1 64. Kc6 Kxf5 65. Kb7 Ke4 66. a7 f5
67. Rf8 f4 68. a8=Q Rxa8 69. Kxa8 f3 70. Kb7 Bd4 71. Kc6 f2 72. Re8+ Kf3 73. Kd5
Kg2 74. Rg8+ Kf3 75. Rf8+ Kg2 76. b4 1-0

[Event "World Blitz 2025"]
[Site "Doha QAT"]
[Date "2025.12.29"]
[Round "2.74"]
[White "Grafl, Florian"]
[Black "Le, Tuan Minh"]
[Result "0-1"]
[WhiteTitle "IM"]
[BlackTitle "GM"]
[WhiteElo "2343"]
[BlackElo "2598"]
[WhiteFideId "4645715"]
[BlackFideId "12401153"]
[EventDate "2025.12.29"]

1. Nc3 d5 2. d4 Nf6 3. e4 dxe4 4. f3 e3 5. Bxe3 Bf5 6. Qd2 e6 7. O-O-O Bb4 8. a3
Ba5 9. g4 Bg6 10. Bg5 Nbd7 11. Bd3 Qe7 12. Nge2 O-O-O 13. Bxg6 hxg6 14. Kb1 Kb8
15. Qd3 Bxc3 16. Nxc3 Rh3 17. d5 Ne5 18. Qf1 Rdh8 19. Nb5 Qc5 20. Qe2 Nxd5 21.
Qxe5 Qxb5 22. Qxg7 b6 23. Qxf7 Nc3+ 24. Kc1 Nxd1 25. Bd2 Qxb2+ 26. Kxd1 Qb1+ 27.
Ke2 Qxh1 28. Bf4 Qxf3+ 29. Kd2 Rxh2+ 30. Kc1 Qc3 31. Bxh2 0-1

[Event "World Blitz 2025"]
[Site "Doha QAT"]
[Date "2025.12.29"]
[Round "2.75"]
[White "Stefansson, Vignir Vatnar"]
[Black "Stribuk, Artiom"]
[Result "0-1"]
[WhiteTitle "GM"]
[BlackTitle "IM"]
[WhiteElo "2519"]
[BlackElo "2476"]
[WhiteFideId "2308649"]
[BlackFideId "13515659"]
[EventDate "2025.12.29"]

1. d4 Nf6 2. Nf3 d5 3. c4 c6 4. cxd5 cxd5 5. Nc3 Nc6 6. Bf4 Bf5 7. e3 e6 8. Bb5
Nd7 9. Ne5 Ncxe5 10. Bxe5 a6 11. Bxd7+ Qxd7 12. O-O Bd6 13. Na4 Bxe5 14. dxe5
Qb5 15. Qd4 Rc8 16. Rfc1 O-O 17. Nb6 Rc6 18. a4 Qxb6 0-1

[Event "World Blitz 2025"]
[Site "Doha QAT"]
[Date "2025.12.29"]
[Round "2.76"]
[White "Wafa, Hamed"]
[Black "Amin, Bassem"]
[Result "0-1"]
[WhiteTitle "IM"]
[BlackTitle "GM"]
[WhiteElo "2373"]
[BlackElo "2626"]
[WhiteFideId "10628452"]
[BlackFideId "10601457"]
[EventDate "2025.12.29"]

1. c4 Nf6 2. g3 g6 3. Bg2 Bg7 4. Nc3 O-O 5. d4 d6 6. h3 e5 7. Nf3 Nbd7 8. O-O c6
9. e4 exd4 10. Nxd4 Re8 11. Re1 Qb6 12. Nb3 Ne5 13. Be3 Qc7 14. Bf1 h5 15. f4
Ned7 16. Bg2 Nb6 17. Qd3 Be6 18. Na5 Rad8 19. Rad1 d5 20. cxd5 Nbxd5 21. exd5
Qxa5 22. d6 Bf8 23. Bd4 Rxd6 24. Qf1 0-1

[Event "World Blitz 2025"]
[Site "Doha QAT"]
[Date "2025.12.29"]
[Round "2.97"]
[White "Ponomariov, Ruslan"]
[Black "Bai, Adelard"]
[Result "1-0"]
[WhiteTitle "GM"]
[BlackTitle "IM"]
[WhiteElo "2639"]
[BlackElo "2417"]
[WhiteFideId "14103320"]
[BlackFideId "16301188"]
[EventDate "2025.12.29"]

1. Nf3 c5 2. c4 Nf6 3. g3 b6 4. Bg2 Bb7 5. O-O e6 6. Nc3 Be7 7. d4 cxd4 8. Qxd4
O-O 9. Rd1 Nc6 10. Qf4 Rc8 11. b3 a6 12. Bb2 d6 13. Rac1 Rc7 14. Ne4 Nxe4 15.
Qxe4 Ne5 16. Qe3 Nxf3+ 17. exf3 Rd7 18. f4 Bxg2 19. Kxg2 b5 20. Qf3 bxc4 21.
Rxc4 d5 22. Rc6 a5 23. f5 Bf6 24. Ba3 Re8 25. fxe6 fxe6 26. Qg4 e5 27. Rxf6 h5
28. Qg6 h4 29. Re6 Rxe6 30. Qxe6+ 1-0

[Event "World Blitz 2025"]
[Site "Doha QAT"]
[Date "2025.12.29"]
[Round "2.98"]
[White "Harshavardhan, G B"]
[Black "Christiansen, Johan-Sebastian"]
[Result "1/2-1/2"]
[WhiteTitle "IM"]
[BlackTitle "GM"]
[WhiteElo "2477"]
[BlackElo "2655"]
[WhiteFideId "25059009"]
[BlackFideId "1512668"]
[EventDate "2025.12.29"]

1. e4 e5 2. Nc3 Nf6 3. Bc4 Nc6 4. d3 Bc5 5. Nf3 d6 6. Be3 Bb6 7. h3 Na5 8. Bb3
Nxb3 9. axb3 Bxe3 10. fxe3 c6 11. O-O h6 12. Nd2 Be6 13. Qe2 Nh7 14. d4 O-O 15.
Rfd1 Qc7 16. Nc4 b5 17. d5 bxc4 18. dxe6 cxb3 19. exf7+ Rxf7 20. cxb3 Nf6 21.
Qc4 Rd8 22. Ra6 Rc8 23. Qe6 Rd8 24. Qc4 Rc8 25. Qe6 Rd8 26. Rda1 Kh8 27. Rxc6
Qxc6 28. Qxf7 Qb6 29. Qxa7 Qxb3 30. Qa3 Qc2 31. Qb4 Qd2 32. Qb6 Rd7 33. Rf1 Kh7
34. Kh2 Rf7 35. Rd1 Qf2 36. Qxd6 Ng4+ 37. hxg4 Qh4+ 38. Kg1 Qf2+ 39. Kh2 Qh4+
40. Kg1 1/2-1/2

[Event "World Blitz 2025"]
[Site "Doha QAT"]
[Date "2025.12.29"]
[Round "2.99"]
[White "Shimanov, Aleksandr"]
[Black "Ezat, Mohamed"]
[Result "1-0"]
[WhiteTitle "GM"]
[BlackTitle "IM"]
[WhiteElo "2578"]
[BlackElo "2294"]
[WhiteFideId "4198603"]
[BlackFideId "10600906"]
[EventDate "2025.12.29"]

1. d4 Nf6 2. Bg5 d5 3. Nd2 Nbd7 4. Ngf3 c5 5. e3 a6 6. c3 b6 7. Bd3 Bb7 8. O-O
Ne4 9. Bf4 e6 10. Ne5 Be7 11. Nxd7 Qxd7 12. Bxe4 dxe4 13. Nc4 Qd8 14. dxc5 Bxc5
15. Qxd8+ Rxd8 16. Bc7 Rd7 17. Bxb6 Be7 18. Rfd1 Bd5 19. Na5 e5 20. c4 Be6 21.
c5 Rd3 22. Rxd3 exd3 23. e4 f5 24. f3 fxe4 25. fxe4 Bg5 26. c6 O-O 27. c7 d2 28.
h3 Bh4 29. Rd1 Be1 30. Be3 Bxa2 31. Bxd2 Bf2+ 32. Kh2 Bb6 33. Bb4 Rc8 34. Nc6
Kf7 35. Nxe5+ Ke6 36. Nf3 Bxc7+ 37. Kh1 Bg3 38. Bc3 g6 39. Ng5+ Ke7 40. Nxh7 Bb3
41. Rf1 Kd7 42. Nf6+ Kc6 43. Ng4 Re8 44. e5 Bd5 45. Nf6 Rf8 46. Kg1 Bb3 47. Ne4
Bh2+ 48. Kxh2 Rxf1 49. g4 Bd5 50. Nf6 Rf3 51. h4 Be6 52. Kg2 Rd3 53. h5 gxh5 54.
gxh5 a5 55. Bxa5 Re3 56. Bc3 Bd5+ 57. Kh2 Be6 58. Kg2 Bd5+ 59. Kf2 Rh3 60. Ke1
Be6 61. Ke2 Kb5 62. Kf2 Kc4 63. Kg2 Kd3 64. Be1 Ke2 65. Bg3 Ke3 66. b4 Rxh5 67.
Nxh5 1-0

[Event "World Blitz 2025"]
[Site "Doha QAT"]
[Date "2025.12.29"]
[Round "2.100"]
[White "Meng, Yihan"]
[Black "Hakobyan, Aram"]
[Result "1-0"]
[WhiteTitle "IM"]
[BlackTitle "GM"]
[WhiteElo "2456"]
[BlackElo "2613"]
[WhiteFideId "8631891"]
[BlackFideId "13306677"]
[EventDate "2025.12.29"]

1. e4 c5 2. Nf3 d6 3. d4 cxd4 4. Nxd4 Nf6 5. Nc3 a6 6. Bg5 e6 7. f4 h6 8. Bh4
Qb6 9. a3 Nc6 10. Bf2 Qc7 11. Be2 Be7 12. Qd3 Bd7 13. O-O O-O 14. Rad1 Rac8 15.
Kh1 Rfe8 16. Qg3 Bf8 17. Be3 d5 18. e5 Ne4 19. Nxe4 dxe4 20. c3 Nxd4 21. Bxd4 b5
22. Rd2 Qb7 23. Qe3 g6 24. Bd1 Bc6 25. Bc2 a5 26. Re1 b4 27. axb4 axb4 28. Bxe4
Ra8 29. h3 Red8 30. Bd3 Ra2 31. Bc4 bxc3 32. Bxc3 Rxd2 33. Qxd2 Ra4 34. b3 Ra8
35. Ra1 Rxa1+ 36. Bxa1 h5 37. Kh2 h4 38. Bd4 Be7 39. Be3 Be4 40. Qa2 Qd7 41. Qa7
Qd8 42. Bb5 Kg7 43. Qd7 Qf8 44. Qe8 Qxe8 45. Bxe8 Bd5 46. Ba4 Bb4 47. Bf2 Bd2
48. Bxh4 Bxf4+ 49. Bg3 Bd2 50. Kg1 g5 51. Bf2 Bc3 52. Bc5 Bxe5 53. b4 Bb8 54. b5
Kf6 55. b6 Bb7 56. Be8 Kg7 57. Bd7 Bd5 58. Be7 f6 59. Bd8 Bd6 60. Bc7 Bc5+ 61.
Kh2 Bb7 62. Bxe6 Kg6 63. Kg3 f5 64. h4 f4+ 65. Kh3 gxh4 66. Bg4 Be3 67. Bf3 Bc8+
68. Kh2 Bf2 69. b7 Bg3+ 70. Kg1 Bxb7 71. Bxb7 Kg5 72. Bc8 Kg6 73. Bb6 Kf6 74.
Kf1 Ke5 75. Ke2 Kd6 76. Kf3 Ke5 77. Bg4 Kf6 78. Bd8+ Kg6 79. Ke4 Kg7 80. Bg5 Kg6
81. Bxf4 Be1 82. Kf3 Bc3 83. Bd7 Bf6 84. Kg4 Be7 85. Be3 Bf6 86. Bf2 Be7 87.
Bxh4 Bd6 88. Bf5+ Kg7 89. Bg5 Be5 90. Bf4 Bb2 91. Kh5 Kf6 92. g4 Kg7 93. g5 Kh8
94. Kg6 Bc3 95. Bd6 Kg8 96. Be6+ Kh8 97. Be7 Bg7 98. Bf6 Bxf6 99. Kxf6 1-0

[Event "World Blitz 2025"]
[Site "Doha QAT"]
[Date "2025.12.29"]
[Round "2.101"]
[White "Quparadze, Giga"]
[Black "Nurgaliyev, Sauat"]
[Result "1-0"]
[WhiteTitle "GM"]
[BlackTitle "IM"]
[WhiteElo "2502"]
[BlackElo "2437"]
[WhiteFideId "13602250"]
[BlackFideId "13726285"]
[EventDate "2025.12.29"]

1. e4 c5 2. Nf3 d6 3. d4 cxd4 4. Nxd4 Nf6 5. Nc3 a6 6. Be3 e5 7. Nb3 Be6 8. Be2
Be7 9. O-O O-O 10. Bf3 b5 11. a4 b4 12. Nd5 Nxd5 13. exd5 Bc8 14. a5 Nd7 15. Ra4
Rb8 16. Bd2 Nc5 17. Rxb4 Rxb4 18. Bxb4 Nxb3 19. cxb3 Bd7 20. Be2 Qa8 21. Bc3 Rb8
22. Bc4 Bb5 23. Kh1 Qb7 24. f4 f6 25. Qg4 Bd7 26. Qe2 Bb5 27. fxe5 fxe5 28. Qg4
Bd7 29. Qe4 Bb5 30. Qf5 Kh8 31. Qe6 Bxc4 32. bxc4 h6 33. c5 Qb5 34. Rg1 Bf6 35.
c6 Qc4 36. Qd7 Rd8 37. Qe6 Rg8 38. Qxd6 Rd8 39. Qe6 Rxd5 40. b4 Kh7 41. c7 Rd4
42. Qf5+ g6 43. Qxf6 Qxc3 44. Qe7+ 1-0